[Event "Cup Russia"]
[Site "masterchessopen.com St. Petersburg (Russia)"]
[Round "2"]
[White "Graf Alexander (GER)"]
[Black "Mozaliov Sergey V (RUS)"]
[Result "1-0"]
[WhiteElo "2580"]
[BlackElo "2300"]

1.d4 Nf6 2.c4 e6 3.Nc3 Bb4 4.e3 c5 5.Ne2 b6 6.a3 Ba5 7.Rb1 Na6 8.Ng3 O-O 9.Bd3
cxd4 10.exd4 Bxc3+ 11.bxc3 d5 12.cxd5 Qxd5 13.Qe2 Nc7 14.Ne4 Nfe8 15.Bb2 f5
16.c4 Qc6 17.Ng3 Qxg2 18.Kd2 Bb7 19.d5 exd5 20.Rhg1 Qh3 21.Qe5 Qh6+ 22.Kc2 Qd6
23.Nxf5 Qxe5 24.Bxe5 Ne6 25.cxd5 Bxd5 26.Ne7+ Kh8 27.Nxd5 Rxf2+ 28.Kc1 Rd8
29.Rb5 Nc5 30.Bc4 Rxd5 31.Bxd5 Nd3+ 32.Kb1 Nxe5 33.Re1 {#r} 1-0

[Event "Memorial A.Petrov"]
[Site "masterchessopen.com St. Petersburg (Russia)"]
[Round "2"]
[White "Giorgadze Giorgi (GEO)"]
[Black "Zangiev Pavel (RUS)"]
[Result "1-0"]
[WhiteElo "2580"]
[BlackElo "2270"]

1.d4 Nf6 2.c4 e6 3.Nc3 Bb4 4.e3 c5 5.Ne2 b6 6.a3 Ba5 7.Rb1 Qe7 8.Bd2 Nc6 9.d5
Ne5 10.Ng3 O-O 11.d6 Qxd6 12.b4 cxb4 13.Nb5 Nd3+ 14.Bxd3 Qxd3 15.axb4 Qxc4
16.bxa5 Ba6 17.Qb3 Qh4 18.O-O bxa5 19.Qa3 Rab8 20.Qxa5 Bb7 21.Nd6 Bc6 22.f3
{#r} 1-0

[Event "It (open)"]
[Site "masterchessopen.com Stary Smokovec (Slovakia)"]
[Round "0"]
[White "Volak Michal (CZE)"]
[Black "Munk Lubomir (SVK)"]
[Result "1-0"]
[WhiteElo "2171"]
[BlackElo "1975"]

1.d4 Nf6 2.c4 e6 3.Nc3 Bb4 4.e3 c5 5.Ne2 d5 6.dxc5 O-O 7.a3 Bxc5 8.cxd5 exd5
9.Nd4 Nc6 10.Nxc6 bxc6 11.b4 Be7 12.Bb2 Bf5 13.Bd3 Qd7 14.O-O Rfe8 15.Rc1 Rac8
16.Na4 Bxd3 17.Qxd3 Ne4 18.Rc2 c5 19.Nxc5 Nxc5 20.bxc5 Bxc5 21.Rxc5 Rxc5
22.Qd4 f6 23.Qxc5 Rc8 24.Qd4 Rc4 25.Qd3 Qb5 26.Rd1 Rc5 27.Qxb5 Rxb5 28.Bd4 a5
29.Kf1 Kf7 30.Rd2 Rb1+ 31.Ke2 Ke6 32.Rb2 Rh1 33.h3 Kf5 34.Rb5 {#r} 1-0

[Event "Ch Sweden (team) 1995/96"]
[Site "masterchessopen.com Sweden"]
[Round "0"]
[White "Webb Simon (ENG)"]
[Black "Wallace John Paul (AUS)"]
[Result "1-0"]
[WhiteElo "2420"]
[BlackElo "2365"]

1.d4 Nf6 2.c4 e6 3.Nc3 Bb4 4.e3 c5 5.Ne2 cxd4 6.exd4 O-O 7.a3 Be7 8.d5 exd5
9.cxd5 Re8 10.d6 Bf8 11.g3 b6 12.Bg2 Nc6 13.O-O Ba6 14.Bf4 Rc8 15.Re1 Re6
16.Qa4 Na5 17.b4 Rc4 18.Qd1 g5 19.Bxg5 Rxd6 20.Nd5 Be7 21.Nxf6+ Kh8 22.Qb1
Bxf6 23.Bxf6+ Qxf6 24.bxa5 Rd2 25.Ra2 Rxa2 26.Qxa2 Qe6 27.Qa1+ {#r} 1-0

[Event "Cup Tel Aviv (active)"]
[Site "masterchessopen.com Tel Aviv (Israel)"]
[Round "2"]
[White "Rechlis Gad (ISR)"]
[Black "Karpman Vadim (UKR)"]
[Result "1-0"]
[WhiteElo "2535"]
[BlackElo "2365"]

1.d4 Nf6 2.c4 e6 3.Nc3 Bb4 4.e3 c5 5.Ne2 cxd4 6.exd4 d5 7.c5 Ne4 8.Bd2 Nxd2
9.Qxd2 a5 10.a3 Bxc3 11.Nxc3 a4 12.Bd3 b6 13.O-O bxc5 14.dxc5 Bd7 15.Rfe1 O-O
16.Re3 g6 17.Bc2 Re8 18.Rae1 Bc6 19.Qd1 Qa5 {#r} 1-0

[Event "It (open)"]
[Site "masterchessopen.com Terrasa (Spain)"]
[Round "2"]
[White "Gomez Esteban Juan Mario (ESP)"]
[Black "Cuadras Avellana Jorge (ESP)"]
[Result "1-0"]
[WhiteElo "2495"]
[BlackElo "2295"]

1.d4 Nf6 2.c4 e6 3.Nc3 Bb4 4.e3 c5 5.Ne2 cxd4 6.exd4 O-O 7.a3 Be7 8.d5 exd5
9.cxd5 Bc5 10.b4 Bb6 11.Na4 d6 12.Nxb6 axb6 13.Ng3 Re8+ 14.Be2 Nbd7 15.O-O Ne5
16.Qd4 Bd7 17.f4 Ng6 18.f5 Ne5 19.Bg5 Ba4 20.Ne4 Ned7 21.Bf3 Ne5 22.Bh4 Bc2
23.Nxf6+ gxf6 24.Be2 Kg7 25.Rac1 Rc8 26.h3 Qe7 27.Bb5 Rg8 28.Qf2 Be4 29.Qg3+
Kh8 30.Rxc8 Rxc8 31.Qf4 Rg8 32.Qxe4 {#r} 1-0

[Event "It (open)"]
[Site "masterchessopen.com Yerevan (Armenia)"]
[Round "2"]
[White "Giorgadze Giorgi (GEO)"]
[Black "Yegiazarian Arsen (ARM)"]
[Result "1-0"]
[WhiteElo "2580"]
[BlackElo "2455"]

1.d4 Nf6 2.c4 e6 3.Nc3 Bb4 4.e3 c5 5.Ne2 cxd4 6.exd4 O-O 7.a3 Be7 8.Nf4 d5
9.Be3 Nc6 10.cxd5 Nxd5 11.Ncxd5 exd5 12.Bd3 Bf6 13.O-O g6 14.Rc1 Be6 15.Nxe6
fxe6 16.Qg4 Qe7 17.Rfe1 Qf7 18.Bb5 Rac8 19.Bxc6 Rxc6 20.Rxc6 bxc6 21.b4 Bg7
22.Rc1 Qd7 23.Qe2 Qb7 24.h4 Qb6 25.Rc5 Re8 26.h5 gxh5 27.Qxh5 Re7 28.b5 e5
29.Rxc6 {#r} 1-0

[Event "Staatsliga B South 1997/98"]
[Site "masterchessopen.com Austria"]
[Round "5"]
[White "Starc Christian (AUT)"]
[Black "Meyer Paul (AUT)"]
[Result "1-0"]
[WhiteElo "2141"]
[BlackElo "2221"]

1.d4 Nf6 2.c4 e6 3.Nc3 Bb4 4.e3 c5 5.Ne2 b6 6.Bd2 Bb7 7.a3 Ba5 8.b4 cxb4 9.Nb5
Qe7 10.Nc7+ Kd8 11.Nxa8 bxa3 12.Bxa5 bxa5 13.Rb1 Kc8 14.Qb3 Qb4+ 15.Qxb4 axb4
16.Rxb4 Nc6 17.Ra4 Bxa8 18.Rxa3 Bb7 19.Nc3 a6 20.c5 Nb4 21.Ra4 Nfd5 22.Nxd5
Nxd5 23.Bxa6 {#r} 1-0

[Event "It"]
[Site "masterchessopen.com Baku (Azerbaijan)"]
[Round "9"]
[White "Kacheishvili Giorgi (GEO)"]
[Black "Allahverdiev Anar (AZE)"]
[Result "1-0"]
[WhiteElo "2550"]
[BlackElo "2460"]

1.d4 Nf6 2.c4 e6 3.Nc3 Bb4 4.e3 c5 5.Ne2 d5 6.a3 Bxc3+ 7.Nxc3 cxd4 8.exd4 dxc4
9.Bxc4 Nc6 10.Be3 O-O 11.O-O b6 12.Qf3 Bb7 13.Bd3 Qd7 14.Qh3 Rfd8 15.Rad1 h6
16.Bxh6 gxh6 17.Qxh6 Qxd4 18.Ba6 Bxa6 19.Rxd4 Rxd4 20.Qg5+ Kf8 21.Qxf6 Rad8
22.Re1 Bd3 23.Rxe6 {#r} 1-0

[Event "Ch Bayern (b)"]
[Site "masterchessopen.com Bayern (Germany)"]
[Round "1"]
[White "Giessmann Stephan (GER)"]
[Black "Jauernig Udo (GER)"]
[Result "0-1"]
[WhiteElo "2237"]
[BlackElo "2182"]

1.d4 e6 2.c4 Nf6 3.Nc3 Bb4 4.e3 c5 5.Ne2 d5 6.a3 Bxc3+ 7.Nxc3 cxd4 8.exd4 dxc4
9.Bxc4 Nc6 10.d5 exd5 11.Nxd5 Be6 12.Nxf6+ Qxf6 13.Bb5 O-O 14.O-O Rfd8 15.Qa4
Nd4 16.Be3 a6 17.Bd3 Nf3+ 18.gxf3 Rxd3 19.Rfd1 Bb3 {#R} 0-1

[Event "It (open)"]
[Site "masterchessopen.com Biel (Switzerland)"]
[Round "4"]
[White "Kharlov Andrei (RUS)"]
[Black "Jaracz Pawel (POL)"]
[Result "1-0"]
[WhiteElo "2565"]
[BlackElo "2445"]

1.d4 Nf6 2.c4 e6 3.Nc3 Bb4 4.e3 c5 5.Ne2 b6 6.a3 Ba5 7.Bd2 Na6 8.Ng3 O-O 9.Bd3
d5 10.cxd5 cxd4 11.exd4 Bxc3 12.bxc3 Qxd5 13.Qe2 Nc7 14.Ne4 Nce8 15.c4 Qxd4
16.Bc3 Qd7 17.Rd1 Qc7 18.O-O Bb7 19.Nxf6+ Nxf6 20.Bxf6 gxf6 21.Bxh7+ Kh8
22.Qh5 Rfd8 23.Qh6 Rab8 24.Rd3 Rxd3 25.Bxd3+ Kg8 26.Bh7+ Kh8 27.Rd1 {#r} 1-0

[Event "It (b)"]
[Site "masterchessopen.com Budapest (Hungary)"]
[Round "7"]
[White "Allen Andrew (AUS)"]
[Black "Schmidt Jan Peter (GER)"]
[Result "0-1"]
[WhiteElo "2215"]
[BlackElo "2260"]

1.d4 Nf6 2.c4 e6 3.Nc3 Bb4 4.e3 c5 5.Ne2 cxd4 6.exd4 O-O 7.a3 Be7 8.d5 exd5
9.cxd5 Re8 10.g3 Bc5 11.Bg2 d6 12.O-O Bg4 13.Bf4 Nbd7 14.b4 Bb6 15.Bxd6 Bxe2
16.Nxe2 Ng4 17.Rc1 Nxf2 18.Rxf2 Bxf2+ 19.Kxf2 Qf6+ 20.Bf4 g5 21.Rc7 gxf4
22.Rxd7 {#R} 0-1

[Event "Ch Argentina (team)"]
[Site "masterchessopen.com Buenos Aires (Argentina)"]
[Round "2"]
[White "Schuster Carlos (ARG)"]
[Black "Belmonte Diego Mariano (ARG)"]
[Result "0-1"]
[WhiteElo "2305"]
[BlackElo "2209"]

1.d4 Nf6 2.c4 e6 3.Nc3 Bb4 4.e3 c5 5.Ne2 cxd4 6.exd4 d5 7.a3 Be7 8.c5 O-O
9.Ng3 a5 10.Be3 Nc6 11.Na4 Re8 12.Bb5 Bf8 13.O-O Bd7 14.Nb6 Ra7 15.Qa4 e5
16.dxe5 Ng4 17.Bxc6 bxc6 18.Bd4 Nxe5 19.Rad1 Re6 20.h3 Be8 21.f4 Nd7 22.f5
Nxb6 23.cxb6 c5 24.Qc2 Rxb6 25.Bxc5 Rc6 26.b4 axb4 27.axb4 Bxc5+ 28.bxc5 Qc7
29.Rfe1 Ra8 30.Qe2 f6 31.Qf3 Bf7 32.Nh5 Rxc5 33.Nf4 Rd8 34.Rd4 Rc4 {#R} 0-1

[Event "It (open)"]
[Site "masterchessopen.com Calcutta (India)"]
[Round "11"]
[White "Mamedova Rena (GER)"]
[Black "Sanjoy Bhattacharya (IND)"]
[Result "0-1"]
[WhiteElo "2353"]
[BlackElo "2105"]

1.d4 e6 2.c4 Nf6 3.Nc3 Bb4 4.e3 c5 5.Ne2 b6 6.a3 Ba5 7.Rb1 Na6 8.Ng3 Bb7 9.Bd2
Bxc3 10.bxc3 h5 11.Bd3 h4 12.Ne2 h3 13.Rg1 hxg2 14.Ng3 Rxh2 15.e4 d6 16.Qf3
Qd7 17.Bf4 O-O-O 18.Bc2 Re8 19.Rxg2 Rxg2 20.Qxg2 e5 21.Bd2 exd4 22.f3 d5
23.cxd5 Nxd5 24.cxd4 cxd4 25.Qh2 g6 26.Ne2 Ne3 27.Bd3 Nc5 28.Bb5 Bc6 29.Nxd4
Qxd4 30.Bxc6 Rh8 31.Qg1 Nc2+ 32.Ke2 Qd3+ {#R} 0-1

[Event "It (open)"]
[Site "masterchessopen.com Celle Ligure (Italy)"]
[Round "5"]
[White "Rosin Federico (ITA)"]
[Black "Sbarra Marco (ITA)"]
[Result "1-0"]
[WhiteElo "2125"]
[BlackElo "2280"]

1.d4 Nf6 2.c4 e6 3.Nc3 Bb4 4.e3 c5 5.Ne2 d5 6.a3 Bxc3+ 7.Nxc3 cxd4 8.exd4 dxc4
9.Bxc4 Nc6 10.Be3 O-O 11.O-O b6 12.Qd3 Bb7 13.Rfe1 h6 14.Rac1 Ne7 15.Ba2 Nfd5
16.f3 Rc8 17.Ne4 Rxc1 18.Rxc1 Nxe3 19.Qxe3 Nf5 20.Qd3 Nxd4 21.Rd1 Nc6 22.Qc2
Qe7 23.Bb1 g6 24.Rd7 Qh4 25.g3 Qh3 26.Nf6+ Kg7 27.Qxg6+ {#r} 1-0

[Event "Ch World (team) (corr.)"]
[Site "masterchessopen.com corr."]
[Round "0"]
[White "Webb Simon (ENG)"]
[Black "Sanakoev Grigory (RUS)"]
[Result "1-0"]
[WhiteElo "2420"]
[BlackElo "2295"]

1.d4 Nf6 2.c4 e6 3.Nc3 Bb4 4.e3 c5 5.Ne2 cxd4 6.exd4 O-O 7.a3 Be7 8.d5 exd5
9.cxd5 Re8 10.d6 Bf8 11.g3 Re6 12.Bf4 Nh5 13.Be3 Rxd6 14.Qc2 Nc6 15.Bg2 Re6
16.O-O Nf6 17.Rad1 d6 18.Nd4 Nxd4 19.Rxd4 Re5 20.Bf4 Rc5 21.Qd2 Qc7 22.Bg5 Bf5
23.Bxf6 gxf6 24.Nd5 Qc8 25.g4 Bg6 26.h4 h6 27.h5 Bh7 28.b4 Rxd5 29.Bxd5 Qd7
30.Rc1 Re8 31.Qc3 Re7 32.Qc8 Qa4 33.Qd8 Re8 34.Qa5 {#r} 1-0

[Event "Bundesliga (2nd) North 1996/97"]
[Site "masterchessopen.com Germany"]
[Round "0"]
[White "Gustafsson Jan (GER)"]
[Black "Dankert Peter (GER)"]
[Result "1-0"]
[WhiteElo "2375"]
[BlackElo "2265"]

1.d4 Nf6 2.c4 e6 3.Nc3 Bb4 4.e3 c5 5.Ne2 O-O 6.a3 cxd4 7.exd4 Be7 8.d5 exd5
9.cxd5 Bc5 10.b4 Bb6 11.Na4 d6 12.Nxb6 axb6 13.Ng3 Re8+ 14.Be2 Nbd7 15.O-O Ne5
16.Qd4 Bd7 17.Bb2 Ba4 18.f4 Ned7 19.Bf3 b5 20.Nf5 Ra6 21.g4 Bc2 22.Ng3 Rf8
23.Rfe1 Qb6 24.g5 Ne8 25.Re7 Qxd4+ 26.Bxd4 Nb6 27.Bxb6 {#r} 1-0

[Event "Ch Sweden (open)"]
[Site "masterchessopen.com Gotland (Sweden)"]
[Round "6"]
[White "Nylen Anders (SWE)"]
[Black "Berg Emanuel (SWE)"]
[Result "1-0"]
[WhiteElo "2132"]
[BlackElo "2285"]

1.d4 e6 2.c4 Nf6 3.Nc3 Bb4 4.e3 c5 5.Ne2 cxd4 6.exd4 O-O 7.a3 Be7 8.d5 d6
9.Ng3 Nbd7 10.Be2 exd5 11.cxd5 Re8 12.O-O Bf8 13.Be3 Ne5 14.Qb3 Nfg4 15.Nce4
Qh4 16.h3 Nxe3 17.Qxe3 Ng6 18.Nf6+ gxf6 19.Qxe8 Nf4 20.Qe4 Bh6 21.Bd3 Bg5
22.Qe8+ Kg7 23.Bf5 Be6 24.Qxa8 Bxd5 25.Bg4 Be6 26.Bxe6 fxe6 27.Qxb7+ Kh6
28.Qf3 {#r} 1-0

[Event "Ch Vietnam (team)"]
[Site "masterchessopen.com Hue (Vietnam)"]
[Round "0"]
[White "Tran Ngoc Thach (VIE)"]
[Black "Nguyen Anh Dung (VIE)"]
[Result "0-1"]
[WhiteElo "2212"]
[BlackElo "2485"]

1.d4 Nf6 2.c4 e6 3.Nc3 Bb4 4.e3 c5 5.Ne2 cxd4 6.exd4 d5 7.a3 Be7 8.c5 O-O 9.g3
b6 10.b4 a5 11.Na4 Nbd7 12.c6 axb4 13.cxd7 Bxd7 14.Nb2 bxa3 15.Nd3 Ba4 16.Qd2
Ne4 17.Qa2 b5 18.Bd2 Nxd2 19.Qxd2 Qb6 20.Nb4 Rfc8 21.Nc1 Bf6 22.Rxa3 Qxd4
23.Qxd4 Rxc1+ 24.Kd2 {#R} 0-1

[Event "?"]
[Site "masterchessopen.com Internet"]
[Round "0"]
[White "Mascarenhas Alberto (BRA)"]
[Black "Hebert Jean (CAN)"]
[Result "0-1"]
[WhiteElo "2300"]
[BlackElo "2465"]

1.d4 Nf6 2.c4 e6 3.Nc3 Bb4 4.e3 c5 5.Ne2 d5 6.a3 Bxc3+ 7.Nxc3 cxd4 8.exd4 dxc4
9.Bxc4 Nc6 10.Be3 O-O 11.O-O h6 12.Re1 b6 13.Qf3 Bb7 14.Qg3 Ne7 15.Bd3 Kh8
16.Qh3 Nh7 17.Bf4 Nd5 18.Be5 f6 19.Bg3 Ng5 20.Qh5 Nxc3 21.bxc3 Qd5 22.Bf1 Rac8
23.Rac1 Qa5 24.Qg4 Rxc3 25.Bf4 Rxc1 26.Rxc1 Qd5 27.Qg3 Rc8 28.Rxc8+ Bxc8 29.h4
Ne4 30.Qg6 Qxd4 31.Be3 Qa4 32.Qf7 Qd7 {#R} 0-1

[Event "Ch Russia (w) (1 liga)"]
[Site "masterchessopen.com Kolontaevo (Russia)"]
[Round "1"]
[White "Ershova Svetlana (RUS)"]
[Black "Ovod Evgenija (RUS)"]
[Result "0-1"]
[WhiteElo "2205"]
[BlackElo "2215"]

1.d4 Nf6 2.c4 e6 3.Nc3 Bb4 4.e3 c5 5.Ne2 b6 6.a3 Ba5 7.Bd2 O-O 8.d5 Bxc3
9.Nxc3 d6 10.Bd3 e5 11.O-O Qe7 12.e4 Nbd7 13.b4 Bb7 14.Na4 Rfc8 15.Be3 Nf8
16.bxc5 bxc5 17.Rb1 Ng6 18.g3 Rcb8 19.Qc2 Bc8 20.Rb2 Rxb2 21.Qxb2 Bh3 22.Rb1
Ng4 23.Bd2 Qf6 24.f4 exf4 25.Qxf6 Nxf6 26.gxf4 Nh5 27.f5 Ne5 28.Be2 Nf6 29.Nc3
Bg4 30.Bxg4 Nfxg4 31.Rb7 Nf3+ {#R} 0-1

[Event "It (open) (a)"]
[Site "masterchessopen.com Koszalin (Poland)"]
[Round "5"]
[White "Myc Marcin (POL)"]
[Black "Prokopchuk Evgeny (RUS)"]
[Result "0-1"]
[WhiteElo "2350"]
[BlackElo "2475"]

1.d4 Nf6 2.c4 e6 3.Nc3 Bb4 4.e3 c5 5.Ne2 b6 6.a3 Ba5 7.Rb1 Na6 8.d5 exd5
9.cxd5 O-O 10.Bd2 d6 11.Ng3 Bxc3 12.Bxc3 Nc7 13.Bxf6 Qxf6 14.Be2 Qe5 15.e4 f5
16.exf5 Bxf5 17.Nxf5 Rxf5 18.O-O Raf8 19.Bf3 Rxf3 20.gxf3 Nxd5 21.Qe1 Qf6
22.Qe4 Nf4 23.Kh1 d5 24.Qe3 c4 25.Rfe1 Qf5 26.Rbd1 Nd3 27.Re2 d4 28.Qxd4 Qxf3+
29.Kg1 Nf4 30.Qxc4+ Kh8 {#R} 0-1

[Event "It (open)"]
[Site "masterchessopen.com Liechtenstein"]
[Round "6"]
[White "Karl Hans (SUI)"]
[Black "Sher Miron N (USA)"]
[Result "0-1"]
[WhiteElo "2275"]
[BlackElo "2425"]

1.d4 Nf6 2.c4 e6 3.Nc3 Bb4 4.e3 c5 5.Ne2 cxd4 6.exd4 O-O 7.a3 Be7 8.d5 exd5
9.cxd5 Re8 10.g3 Bc5 11.Bg2 d6 12.O-O a6 13.b4 Ba7 14.Bb2 Nbd7 15.Qb3 Ne5
16.h3 Bf5 17.Rad1 Rc8 18.Bc1 Nd3 19.Be3 Bxe3 20.fxe3 Bg6 21.e4 Qb6+ 22.Kh2 Nf2
23.Rc1 Qe3 24.Qb1 N6g4+ 25.hxg4 Nxg4+ 26.Kh3 Qh6+ 27.Kxg4 Bh5+ 28.Kf5 Re5# 0-1

[Event "It (cat.3)"]
[Site "masterchessopen.com London (England)"]
[Round "4"]
[White "Panczyk Krzysztof (POL)"]
[Black "Richardson John R (ENG)"]
[Result "1-0"]
[WhiteElo "2385"]
[BlackElo "2260"]

1.d4 Nf6 2.c4 e6 3.Nc3 Bb4 4.e3 c5 5.Ne2 cxd4 6.exd4 d5 7.a3 Be7 8.c5 b6 9.b4
a5 10.Rb1 O-O 11.g3 axb4 12.axb4 bxc5 13.dxc5 Bd7 14.Bg2 Na6 15.c6 Bxc6 16.b5
Bb7 17.bxa6 Bxa6 18.O-O Rc8 19.Be3 e5 20.Bb6 Qd6 21.Qd2 d4 22.Ne4 Qa3 23.Nxf6+
Bxf6 24.Be4 d3 25.Ra1 dxe2 26.Rfe1 Qb3 27.Rxa6 Rc4 28.Qxe2 Qb5 29.Raa1 Rfc8
30.Bd3 {#r} 1-0

[Event "It"]
[Site "masterchessopen.com Loures (Portugal)"]
[Round "5"]
[White "Reis Luis Sousa (POR)"]
[Black "Campos Moreno Javier B (CHI)"]
[Result "0-1"]
[WhiteElo "2230"]
[BlackElo "2440"]

1.d4 Nf6 2.c4 e6 3.Nc3 Bb4 4.e3 c5 5.Ne2 cxd4 6.exd4 O-O 7.Be3 d5 8.a3 Be7
9.c5 b6 10.b4 bxc5 11.dxc5 e5 12.g3 a5 13.b5 d4 14.Bg2 Ra7 15.Nxd4 exd4
16.Qxd4 Rd7 17.Qf4 Rd3 18.Rc1 Nbd7 19.Na4 Nxc5 20.Nxc5 Bxc5 21.Bxc5 Re8+
22.Be3 Nd5 23.Rxc8 Nxf4 {#R} 0-1

[Event "It (open)"]
[Site "masterchessopen.com Mondariz (Spain)"]
[Round "0"]
[White "Paramos Dominguez Roberto (ESP)"]
[Black "Giorgadze Giorgi (GEO)"]
[Result "1-0"]
[WhiteElo "2405"]
[BlackElo "2625"]

1.d4 Nf6 2.c4 e6 3.Nc3 Bb4 4.e3 c5 5.Ne2 b6 6.a3 Ba5 7.Rb1 Na6 8.g3 Bb7 9.d5
b5 10.Bg2 bxc4 11.O-O O-O 12.e4 d6 13.Bg5 h6 14.Bxf6 Qxf6 15.Qa4 Bb6 16.dxe6
Qxe6 17.Nf4 Qe5 18.Qxc4 Rfe8 19.Rfd1 Nc7 20.Rd2 Ba5 21.Rbd1 Bxc3 22.bxc3 Ba6
23.Qa4 Bb5 24.Qa5 Rac8 25.Nd5 {#r} 1-0

[Event "It (open)"]
[Site "masterchessopen.com Mondariz (Spain)"]
[Round "0"]
[White "Pichel Jallas Juan J (ESP)"]
[Black "Estremera Panos Sergio (ESP)"]
[Result "0-1"]
[WhiteElo "2053"]
[BlackElo "2430"]

1.d4 Nf6 2.c4 e6 3.Nc3 Bb4 4.e3 c5 5.Ne2 cxd4 6.exd4 O-O 7.a3 Be7 8.Nf4 d6
9.Bd3 a6 10.O-O b6 11.Qf3 Ra7 12.Be3 Nbd7 13.Rad1 Rc7 14.b4 Bb7 15.Qh3 {#R}
0-1

[Event "Ch Russia (club) (1 liga)"]
[Site "masterchessopen.com Orel (Russia)"]
[Round "5"]
[White "Volkov Sergey Viktorovich (RUS)"]
[Black "Veresagin Jurij (RUS)"]
[Result "1-0"]
[WhiteElo "2535"]
[BlackElo "2405"]

1.d4 Nf6 2.c4 e6 3.Nc3 Bb4 4.e3 c5 5.Ne2 cxd4 6.exd4 d5 7.a3 Be7 8.c5 b6 9.b4
O-O 10.Bf4 Ne4 11.Rc1 Nxc3 12.Nxc3 bxc5 13.dxc5 a5 14.Be2 axb4 15.axb4 Nc6
16.b5 d4 17.Bf3 dxc3 18.Bxc6 Qxd1+ 19.Rxd1 Ra4 20.Bd6 c2 21.Rc1 Bxd6 22.cxd6
Rd8 23.Ke2 Ra2 24.Be4 Bd7 25.b6 Bb5+ 26.Kf3 Rxd6 27.Ra1 Bc4 28.b7 Rb6 29.Rxa2
Bxa2 30.Rc1 {#r} 1-0

[Event "Ch Poland (1/2 final)"]
[Site "masterchessopen.com Poraj (Poland)"]
[Round "2"]
[White "Rosenbeiger Alan (POL)"]
[Black "Jakubowski Krzysztof (POL)"]
[Result "0-1"]
[WhiteElo "2151"]
[BlackElo "2325"]

1.d4 Nf6 2.c4 e6 3.Nc3 Bb4 4.e3 c5 5.Ne2 cxd4 6.exd4 d5 7.c5 O-O 8.a3 Bxc3+
9.Nxc3 Nc6 10.Bf4 Ne4 11.Nxe4 dxe4 12.Bd6 Re8 13.Qd2 e5 14.d5 Nd4 15.Rd1 Bg4
16.Bxe5 Nb3 17.Qc3 Bxd1 18.Bxg7 Bh5 19.Bc4 Qg5 20.Bf6 Qxg2 21.Bxb3 Qxh1+
22.Kd2 e3+ 23.fxe3 Qxh2+ 24.Kd3 Qe2+ 25.Kd4 Qg4+ 26.Kd3 Bg6+ 27.Kd2 Qg2+
28.Ke1 Qg1+ 29.Ke2 Bh5+ {#R} 0-1

[Event "Ch Europe (team)"]
[Site "masterchessopen.com Pula (Croatia)"]
[Round "3"]
[White "Kacheishvili Giorgi (GEO)"]
[Black "Sax Gyula (HUN)"]
[Result "1-0"]
[WhiteElo "2550"]
[BlackElo "2570"]

1.d4 Nf6 2.c4 e6 3.Nc3 Bb4 4.e3 c5 5.Ne2 b6 6.a3 Ba5 7.Rb1 Na6 8.Ng3 Bb7 9.f3
O-O 10.Bd2 d5 11.b4 cxb4 12.Na4 Qe7 13.c5 bxa3 14.Bxa5 bxa5 15.Bxa6 Bxa6
16.Qb3 e5 17.Qxa3 Nh5 18.Nxh5 exd4 19.Nf4 Rfe8 20.Rd1 Qg5 21.Rxd4 {#r} 1-0

[Event "It"]
[Site "masterchessopen.com Solin (Croatia)"]
[Round "1"]
[White "Zaja Ivan (CRO)"]
[Black "Cvorovic Drazen (CRO)"]
[Result "1-0"]
[WhiteElo "2440"]
[BlackElo "2425"]

1.d4 Nf6 2.c4 e6 3.Nc3 Bb4 4.e3 c5 5.Ne2 b6 6.a3 Ba5 7.Bd2 O-O 8.d5 a6 9.Ng3
exd5 10.cxd5 d6 11.Bd3 Nbd7 12.f4 b5 13.O-O Re8 14.Kh1 c4 15.Bc2 Nc5 16.f5 Bb7
17.e4 Bxc3 18.Bxc3 Ncxe4 19.Nxe4 Nxe4 20.f6 Nxf6 21.Bxf6 gxf6 22.Qh5 Re5
23.Qh6 Bxd5 24.Bxh7+ Kh8 25.Bf5+ Kg8 26.Rf4 Rxf5 27.Rh4 {#r} 1-0

[Event "Ch St. Petersburg"]
[Site "masterchessopen.com St. Petersburg (Russia)"]
[Round "9"]
[White "Korchnoi Viktor (SUI)"]
[Black "Sakaev Konstantin (RUS)"]
[Result "1-0"]
[WhiteElo "2610"]
[BlackElo "2590"]

1.d4 Nf6 2.c4 e6 3.Nc3 Bb4 4.e3 c5 5.Ne2 cxd4 6.exd4 d5 7.c5 Ne4 8.g3 O-O
9.Bg2 b6 10.O-O Bxc3 11.Nxc3 Nxc3 12.bxc3 Ba6 13.Re1 bxc5 14.dxc5 Qa5 15.Be3
Nc6 16.Qg4 Bc4 17.Bd4 Nxd4 18.cxd4 Rab8 19.Qf4 Rb2 20.a3 g6 21.h4 Qd2 22.Qf6
Rfb8 23.c6 Re8 24.c7 Qa5 25.h5 Qxc7 26.h6 Kf8 27.Re3 Re2 28.Rf3 {#r} 1-0

[Event "Ch Switzerland"]
[Site "masterchessopen.com Switzerland"]
[Round "0"]
[White "Gavrikov Viktor (LTU)"]
[Black "Wirthensohn Heinz (SUI)"]
[Result "1-0"]
[WhiteElo "2575"]
[BlackElo "2365"]

1.d4 Nf6 2.c4 e6 3.Nc3 Bb4 4.e3 c5 5.Ne2 b6 6.a3 Ba5 7.Rb1 Na6 8.Qa4 Bb7 9.Bd2
Bc6 10.Qd1 d5 11.cxd5 exd5 12.Ng3 Bxc3 13.bxc3 Nc7 14.f3 O-O 15.Bd3 Qd7 16.O-O
Bb5 17.Bf5 Ne6 18.Re1 Ba4 19.Qe2 Rfe8 20.Qf2 Rac8 21.e4 dxe4 22.fxe4 cxd4
23.cxd4 Qxd4 24.Qxd4 Nxd4 25.Bxc8 Rxc8 26.Rb4 Nb3 27.Rxa4 Nxd2 28.Rxa7 g5
29.e5 Ng4 30.h3 Nh6 31.e6 {#r} 1-0

[Event "It (cat.16)"]
[Site "masterchessopen.com Ubeda (Spain)"]
[Round "7"]
[White "Lautier Joel (FRA)"]
[Black "Beliavsky Alexander G (SLO)"]
[Result "1-0"]
[WhiteElo "2660"]
[BlackElo "2710"]

1.d4 Nf6 2.c4 e6 3.Nc3 Bb4 4.e3 c5 5.Ne2 b6 6.a3 Ba5 7.Rb1 Na6 8.Bd2 O-O 9.Ng3
Bb7 10.Bd3 d5 { !? } ( 10...Bxg2 11.Rg1 Bb7 12.d5 { ! ± } ) ( 10...cxd4
11.exd4 Bxc3 12.bxc3 d5 13.c5 { ± } ) 11.cxd5 cxd4 12.exd4 Bxc3 13.bxc3 Qxd5
14.Qe2 ( 14.f3 e5 { ! } ) 14...Nc7 ( 14...Nb8 { !? } ) 15.f3 e5 16.Bc4 Qc6
17.dxe5 Rfe8 18.f4 Rad8 19.O-O Ng4 20.Rb2 { ! } ( 20.h3 { ? } 20...Qc5+ 21.Kh1
Rxd2 22.Qxd2 Ne3 { ? } ) 20...Qc5+ 21.Kh1 Rxd2 22.Rxd2 Ne3 23.Bxf7+ { ! }
23...Kxf7 24.Rd7+ Kf8 ( 24...Re7 { ? } 25.Rxe7+ Kxe7 26.Qxe3 { +?? } ) 25.Rg1
{ ! ± } 25...Nxg2 26.Rxg2 Qc6 27.Qd2 Ne6 28.Nh5 Ba8 29.Kg1 Qc5+ 30.Rf2 { +?? }
30...Kg8 31.Ng3 Qb5 32.f5 Nc5 33.Rxa7 Nd3 34.f6 {#r} 1-0

[Event "It (open)"]
[Site "masterchessopen.com Vantaa (Finland)"]
[Round "4"]
[White "Niemela Antti (FIN)"]
[Black "Tuovinen Jukka (FIN)"]
[Result "1-0"]
[WhiteElo "2279"]
[BlackElo "2076"]

1.d4 Nf6 2.c4 e6 3.Nc3 Bb4 4.e3 c5 5.Ne2 cxd4 6.exd4 d5 7.c5 Ne4 8.Bd2 Nxd2
9.Qxd2 b6 10.a3 Bxc3 11.Nxc3 O-O 12.b4 a6 13.Be2 Bb7 14.cxb6 Bc6 15.b7 Ra7
16.O-O Rxb7 17.Rfc1 Qd7 18.Bd3 Bb5 19.Nxb5 axb5 20.Rc5 Na6 21.Rc3 Rc8 22.Rxc8+
Qxc8 23.Rc1 Qd7 24.Rc3 Rc7 25.Rxc7 Nxc7 26.Qc2 g6 27.Qc5 f6 28.a4 bxa4 29.b5
Na8 30.Bc2 e5 31.Bxa4 exd4 32.Bb3 d3 33.Qxd5+ {#r} 1-0